Tilastot visalle Vantaan kaupunginosat

Klikkaa tästä pelataksesi tätä visaa!

Yleistilastot

  • Tätä visaa on pelattu 312 kertaa
  • Keskiarvotulos 27 / 68

Vastaustilastot

SuuralueSuuralueen nimiVastaus% Oikein
4TikkurilaTikkurila
93%
4Tikkurila{Tikkurilan} suuralue
93%
1Myyrmäki{Myyrmäen} suuralue
87%
1MyyrmäkiMyyrmäki
87%
6KorsoKorso
84%
6
Korso
{Korson} suuralue
84%
7HakunilaHakunila
73%
7Hakunila{Hakunilan} suuralue
73%
5KoivukyläKoivukylä
73%
5Koivukylä{Koivukylän} suuralue
73%
1MyyrmäkiMartinlaakso
71%
2KivistöKivistö
70%
2Kivistö{Kivistön} suuralue
70%
3AviapolisTammisto
66%
4TikkurilaHiekkaharju
59%
4TikkurilaHakkila
55%
3AviapolisLentokenttä
55%
2KivistöSeutula
50%
1MyyrmäkiVaristo
50%
7HakunilaVaarala
49%
1MyyrmäkiVantaanlaakso
49%
1MyyrmäkiKaivoksela
48%
5KoivukyläIlola
47%
1MyyrmäkiPetikko
46%
3Aviapolis{Aviapoliksen} suuralue
45%
1MyyrmäkiHämeenkylä
45%
7HakunilaLänsimäki
45%
3AviapolisPakkala
45%
3AviapolisVeromies
43%
4TikkurilaKoivuhaka
42%
7HakunilaRajakylä
42%
5KoivukyläAsola
41%
6KorsoMikkola
37%
5KoivukyläRekola
36%
4TikkurilaRuskeasanta
36%
4TikkurilaSimonkylä
36%
7HakunilaItä-Hakkila
35%
3AviapolisYlästö
34%
1MyyrmäkiAskisto
32%
6KorsoMatari
32%
7HakunilaKuninkaanmäki
31%
7HakunilaSotunki
31%
4TikkurilaJokiniemi
30%
4TikkurilaKuninkaala
30%
1MyyrmäkiLinnainen
29%
1MyyrmäkiHämevaara
28%
7HakunilaLänsisalmi
26%
2KivistöKeimola
25%
6KorsoNikinmäki
22%
4TikkurilaViertola
22%
2KivistöMyllymäki
21%
1MyyrmäkiVapaala
21%
5KoivukyläPäiväkumpu
20%
5KoivukyläHavukoski
18%
6KorsoJokivarsi
17%
3AviapolisViinikkala
17%
4TikkurilaHelsingin pitäjän kirkonkylä
16%
6KorsoLeppäkorpi
16%
2KivistöRiipilä
16%
6KorsoMetsola
14%
6KorsoVierumäki
14%
6KorsoVallinoja
10%
2KivistöKiila
8%
2KivistöLapinkylä
8%
7HakunilaOjanko
8%
2KivistöVestra
7%
2KivistöLuhtaanmäki
6%
2KivistöPiispankylä
6%

Tulosjakauma

Persentiili vastausten määrän mukaan

Jokaisen tuloksen saaneiden osuus

Tuloshistoriasi

Et ole pelannut tätä visaa